| 000 | 02868cam a22005654i 4500 | ||
|---|---|---|---|
| 003 | PE-LiUPU | ||
| 005 | 20250731165606.0 | ||
| 008 | 150706s r 000 0 d | ||
| 035 | _a(Sirsi) a48480 | ||
| 035 | _a(Sirsi) a48480 | ||
| 040 |
_aPE-LiUPU _bspa _cPE-LiUPU _erda |
||
| 049 | _aPRUA | ||
| 082 | 0 | 4 |
_a001.42 _bW19 _221 |
| 100 | 1 |
_aWalker, Melissa, _eautor. |
|
| 245 | 1 | 0 |
_aCómo escribir trabajos de investigación. _n3 / _cMelissa Walker. |
| 264 | 1 |
_aBarcelona : _bGedisa, _c2005. |
|
| 300 |
_a473 p . ; _c24 cm. |
||
| 336 |
_atext _2rdacontent |
||
| 337 |
_aunmediated _2rdamedia |
||
| 338 |
_avolume _2rdacarrier |
||
| 490 | 0 |
_aBiblioteca de educación. Herramientas universitarias ; _v3 |
|
| 505 | 0 | _aPara comprender qué es la investigación -- Cómo elegir un tema -- La identificación de fuentes en la biblioteca -- La utilización de las fuentes de la biblioteca -- El uso de internet y la búsqueda más allá de la biblioteca -- El registro de la información -- La organización del material -- Redactar y revisar -- La producción del trabajo final -- La documentación de fuentes según el estilo MLA -- La redacción de monografías en las humanidades -- La redacción de monografías en literatura -- Redacción de monografías en las ciencias sociales utilizando el estilo APA -- Redacción de monografías en las ciencias naturales y aplicadas utilizando el estilo CBE. | |
| 526 | _aSEG44 | ||
| 526 | _aSEG26 | ||
| 526 | _aP151 | ||
| 526 | _aP150 | ||
| 526 | _aP149 | ||
| 526 | _aP146 | ||
| 526 | _aP145 | ||
| 526 | _aP126 | ||
| 526 | _aP125 | ||
| 526 | _aP92 | ||
| 526 | _aP75 | ||
| 526 | _aP74 | ||
| 526 | _aP27 | ||
| 526 | _aP15 | ||
| 541 | _g001-0031424; | ||
| 541 | _g006-0000243312; | ||
| 650 | 0 | 4 |
_aInvestigación _xMetodología. |
| 650 | 0 | 4 |
_aInvestigación _xEstudio y enseñanza. |
| 650 | 0 | 4 |
_aMonografías _xMetodología. |
| 910 |
_bjv _cng _d20070503 |
||
| 942 |
_2ddc _cBOOK |
||
| 949 |
_a001.42 W19 _wDEWEY _c1 _i61333 _lCCODEBUL1 _mBUL _p33.00 _r0 _sY _tUNKNOWN _u2015-7-6 _xINGENIERIA _PP27 _o.STAFF. Colección General |
||
| 949 |
_aPGE 001.42 BE 3 _wDEWEY _c1 _i57149 _lPOSTGRADO _mBUL _p30.00 _r0 _sY _tBOOK _u2015-8-28 _xPOSGRADO _PP57 _0COMPRA _o.CIRCNOTE. No olvidar cambiar la fecha de devolución!!!!!!! _o.STAFF. Posgrado |
||
| 994 |
_aC0 _bPEPRU |
||
| 596 | _a1 | ||
| 999 |
_a001.42 W19 _wDEWEY _c50735 _i61333 _lLOST _mBUL _p33.00 _r1 _sN _tBOOK _u2015-7-6 _xFCE _PP27 _o.STAFF. Colección General _d50735 |
||
| 999 |
_aPGE 001.42 BE 3 _wDEWEY _c1 _i57149 _d2017-3-14 _e2017-3-13 _f2021-11-4 _g5 _lCCODEBUL1 _mBUL _n1 _p30.00 _r0 _sY _tBOOK _u2015-8-28 _xBIBLIOTECA _PP57 _0COMPRA _o.CIRCNOTE. No olvidar cambiar la fecha de devolución!!!!!!! _o.STAFF. Posgrado |
||
| 980 |
_81 _gALBERTO SANCHEZ Responsable de Automatización |
||